Central Library OPAC University of Rajshahi

Topology of metric spaces / (Record no. 70390)

MARC details
000 -LEADER
fixed length control field 00783nam a2200265 a 4500
001 - CONTROL NUMBER
control field 70390
003 - CONTROL NUMBER IDENTIFIER
rucl marc code BD-RjUL
005 - DATE AND TIME OF LATEST TRANSACTION
control field 20211209082007.0
008 - FIXED-LENGTH DATA ELEMENTS--GENERAL INFORMATION
fixed length control field 170417s2006 enka b 001 0 eng d
020 ## - INTERNATIONAL STANDARD BOOK NUMBER
International Standard Book Number 8173196567
International Standard Book Number 1842652508 (hbk.)
035 ## - SYSTEM CONTROL NUMBER
System control number (BD-RjUL)70604
038 ## - RECORD CONTENT LICENSOR
Record content licensor UkLCURL
040 ## - CATALOGING SOURCE
Original cataloging agency UkCU
Language of cataloging eng
Transcribing agency UkCU
Modifying agency BD-RjUL
041 ## - LANGUAGE CODE
Language code of text/sound track or separate title eng
082 ## - DEWEY DECIMAL CLASSIFICATION NUMBER
Edition number 23
Classification number 514.325
Author mark and year KUT 2006
100 1# - MAIN ENTRY--PERSONAL NAME
Personal name Kumaresan, S.
9 (RLIN) 208423
245 10 - TITLE STATEMENT
Title Topology of metric spaces /
Statement of responsibility, etc. S. Kumaresan.
260 ## - PUBLICATION, DISTRIBUTION, ETC. (IMPRINT)
Place of publication, distribution, etc. Harrow :
Name of publisher, distributor, etc. Alpha Science International,
Date of publication, distribution, etc. c2005 [reprint 2006]
300 ## - PHYSICAL DESCRIPTION
Pagination xii, 152 p. :
Illustrations ill. ;
Size 25 cm.
504 ## - BIBLIOGRAPHY, ETC. NOTE
Bibliography, etc Includes bibliographical references and index.
650 #0 - SUBJECT ADDED ENTRY--TOPICAL TERM
Topical term or geographic name as entry element Metric spaces
Form subdivision Textbooks.
9 (RLIN) 208424
942 ## - ADDED ENTRY ELEMENTS (KOHA)
Source of classification or shelving scheme Dewey Decimal Classification
Koha item type Books
Holdings
Lost status Source of classification or shelving scheme Damaged status Not for loan Collection code Permanent Location Current Location Shelving location Date acquired Source of acquisition Cost, normal purchase price Total Checkouts Full call number Date last seen Copy number Koha item type
  Dewey Decimal Classification   Not For Loan Non-fiction Central Library, University of Rajshahi Central Library, University of Rajshahi Reading Room 17/08/2010 Dhaka, Paragon Enterprise ltd. 145.00   514.325 KUT 2006 17/04/2017 C-1 Books